• 首页
  • 本馆介绍
  • 公告通知
  • 最新文献
  • 馆藏检索
  • 电子资源
  • 读者导购
  • 参考咨询
  • 我的图书馆
  • 登录
  • 详细信息显示
  • 放入我的书架
  • 预约/预借图书
  • 作者相关作品
  • 分类相关作品
  • 丛书相关作品
  • 出版社相关作品

书目信息

  • 表格格式
  • 工作单格式
  • 卡片格式
题名:
传唱的诗
    
 
作者: 郭修文 主编
分册:  
出版信息: 北京   中国文联出版社  2017.9
页数: 286页
开本: 24cm
丛书名:
单 册:
中图分类: I277.254.3
科图分类:
主题词: 民间歌谣--作品集--亳州市
电子资源:
ISBN: 978-7-5190-3080-3
000 00946nam0 2200229 45
001 012001004667
005 20140928162350.0
010    @a978-7-5190-3080-3@dCNY56.00
100    @a20170919d2017 em y0chiy0110 ea
101 0  @achi
102    @aCN@b110000
105    @ay z 000yy
106    @ar
200 1  @a传唱的诗@9chuan chang de shi@f郭修文主编@FGuo Xiu Wen Zhu Bian@PGXWZB
210    @a北京@c中国文联出版社@d2017.9
215    @a286页@d24cm
330    @a本书为一部民间歌谣集。古老的谯城经历了商汤王国都、魏国国都、韩林儿“大宋”都城三朝故都的辉煌。民间歌谣传唱不绝,“风”吹千年不衰,继《诗经》三百篇之后,仍然流传着动人的民间歌谣,或反映民情民意,或演化伦理秩序,或传承公众良俗,或传播各种知识。本书收录了谯城歌谣和谯城谚语两大部分,继往开来,以续风雅。
606 0  @a民间歌谣@x作品集@x亳州市
690    @aI277.254.3@v5
701  0 @a郭修文@9guo xiu wen@4主编
801  0 @aCN@b上海新华@c20180901
905    @b1171212-6@dI277.254.3@e356@f5
    
    传唱的诗/郭修文主编.-北京:中国文联出版社,2017.9
    286页;24cm
    
    
    ISBN 978-7-5190-3080-3:CNY56.00
    本书为一部民间歌谣集。古老的谯城经历了商汤王国都、魏国国都、韩林儿“大宋”都城三朝故都的辉煌。民间歌谣传唱不绝,“风”吹千年不衰,继《诗经》三百篇之后,仍然流传着动人的民间歌谣,或反映民情民意,或演化伦理秩序,或传承公众良俗,或传播各种知识。本书收录了谯城歌谣和谯城谚语两大部分,继往开来,以续风雅。
●
相关链接 在E读中查询图书 在五车中查询图书 在当当中查询图书 在豆瓣中查询图书


正题名:传唱的诗     索取号:I277.254.3/356         预约/预借

序号 登录号 条形码 馆藏地/架位号 状态 备注
1 1171212   211712128   第一样本阅览室/ [索取号:I277.254.3/356] 在馆    
2 1171213   211712137   第二借阅区/ [索取号:I277.254.3/356] 在馆    
3 1171214   211712146   第二借阅区/ [索取号:I277.254.3/356] 在馆    
4 1171215   211712155   第二借阅区/ [索取号:I277.254.3/356] 在馆    
5 1171216   211712164   密集书库-文学院/ [索取号:I277.254.3/356] 在馆    
唐山师范学院图书馆 欢迎您!
大连网信软件有限公司© 版权所有